Ο ήχος στον κινηματογράφο

Αποθηκεύτηκε σε:
Λεπτομέρειες βιβλιογραφικής εγγραφής
Κύριος συγγραφέας: Chion, Michel, 1947-
Άλλοι συγγραφείς: Κουτάλου, Μαριάννα (trlf)
Μορφή: Βιβλίο
Γλώσσα:Greek
French
Δημοσίευση: Αθήνα : Πατάκης, 2010.
Σειρά:Κινηματογραφικές σπουδές (Πατάκης)
Θέματα:
Ετικέτες: Προσθήκη ετικέτας
Δεν υπάρχουν, Καταχωρήστε ετικέτα πρώτοι!

MARC

LEADER 00000cam a2200000 i 4500
001 1/40949
008 140129s2010####gr | ||| |||| ||gre||
020 |a 9789601631394  
035 |l 10116482 
040 |a GR-MyUa  |b gre  |e AACR2 
041 1 |a gre  |h fre 
082 7 |a 791.4309   |2 (22)  
082 7 |a 791.43024   |2 (23)  
100 1 |a Chion, Michel,   |d 1947- 
245 1 2 |a Ο ήχος στον κινηματογράφο /   |c Michel Chion ; μετάφραση Μαριάννα Κουτάλου, επιμέλεια Μισέλ Δημόπουλος.  
260 |a Αθήνα :   |b Πατάκης,   |c 2010.  
300 |a 331 σ. ;   |c 21 εκ.  
490 1 |a (Κινηματογραφικές σπουδές)  
504 |a Βιβλιογραφία: σ. 317-322. Ευρετήρια.  
500 |a Τίτλος πρωτοτύπου: Le son au cinema.  
500 |a Το παράρτημα Λέσβου διαθέτει την 2η ανατύπωση, 2017.  
650 0 |a Sound motion pictures. 
650 0 |a Motion pictures and music. 
650 0 |a Motion picture music  |x History and criricism. 
700 1 |a Κουτάλου, Μαριάννα,  |e trlf 
830 0 |a Κινηματογραφικές σπουδές (Πατάκης)  
852 |a INST  |b LESVOS  |c EUDOXUS  |e 20140129  |h 791.4309 CHI  |p 005100052625  |q 005100052625  |t EDX  |y 0 
852 |a INST  |b LESVOS  |c EUDOXUS  |e 20140129  |h 791.4309 CHI  |p 005100052626  |q 005100052626  |t EDX  |y 0 
852 |a INST  |b LESVOS  |c EUDOXUS  |e 20200220  |h 791.4309 CHI  |p 005100062647  |q 005100062647  |t EDX  |y 0 
852 |a INST  |b SYROS  |e 20160616  |h 791.43024 CHI  |p 005500012639  |q 005500012639  |t BK  |y 0 
901 |a BIBL1-2014-1 
920 |a Εύδοξος  |b Παραγγελία  |y Λέσβος-ΤΠΤΕ  |z 2013-12 
920 |a Εύδοξος  |b Επιστροφή  |y Λέσβος  |z 2020-02 
920 |a Κεντρική Υπηρεσία Βιβλιοθήκης  |y Σύρος  |z 2016-06 
970 |a Τζαφέρη  |b Ευαγγελία  |z 29/01/2014